| 000 | 00783nam a22002417a 4500 | ||
|---|---|---|---|
| 001 | 567 | ||
| 005 | 20230629082123.0 | ||
| 008 | 230616b cb ||||| |||| 00| 0 eng d | ||
| 020 | _a1561447447 | ||
| 040 |
_aFISKH _beng _cFISKH _dFISKH |
||
| 050 | _aPZ7 | ||
| 082 | _aFic | ||
| 100 | _aCoco, Eugene Bradley | ||
| 245 |
_aWalter and the tugboat _cWritten by Eugene Bradley Coco ; Illustrated by Edward Heck |
||
| 260 |
_aNew York : _bModern Publishing. _c1995. |
||
| 300 |
_a1 leaf, 29 unnumbered pages ; _c23 cm |
||
| 505 | _aF | ||
| 520 | _a"I want to be a tugboat, " says Walter. "You can't be a tugboat, " laughs Captain Jim, "you're a whale." How can Walter get his wish? | ||
| 521 |
_a350
_bLexile |
||
| 521 |
_aF
_bRaz-Plus |
||
| 650 | _atugboats | ||
| 942 |
_2ddc _cBK _n0 |
||
| 999 |
_c567 _d567 |
||